000 00306nam a22001337a 4500
008 180806b xxu||||| |||| 00| 0 eng d
082 _a813.52
245 _aWheels Exquisite, Incorporated
_cMansuetti,L
260 _c2002
300 _a1
_fCD
440 _x0072426314
760 _b2nd
942 _2ddc
_cMX
999 _c46876
_d46876